| 000 | 00538nam a22001937a 4500 | ||
|---|---|---|---|
| 003 | OSt | ||
| 005 | 20140310182050.0 | ||
| 008 | 130822t xxu||||| |||| 00| 0 eng d | ||
| 020 | _a0816013675 | ||
| 050 |
_aHF 5382 _b.F693 1986 |
||
| 082 |
_aHS 331.702 _bF84 1986 |
||
| 100 |
_aFrank, Irene M. _911968 |
||
| 245 |
_aLeaders and lawyers / _cIrene M. Frank. |
||
| 260 |
_aNew York : _bFacts on File Publications, _c1986. |
||
| 300 |
_a188 p. ; _c24 cm. |
||
| 650 |
_aOccupations _xJuvenile Literature _911969 |
||
| 942 | _2lcc | ||
| 999 |
_c8962 _d8962 |
||